Islam and Modernity : (Record no. 17158)
[ view plain ]
| 000 -LEADER | |
|---|---|
| fixed length control field | 01869cam a22002897a 4500 |
| 001 - CONTROL NUMBER | |
| control field | 16048695 |
| 005 - DATE AND TIME OF LATEST TRANSACTION | |
| control field | 20130129121514.0 |
| 008 - FIXED-LENGTH DATA ELEMENTS--GENERAL INFORMATION | |
| fixed length control field | 100111s2009 stk b 001 0 eng d |
| 010 ## - LIBRARY OF CONGRESS CONTROL NUMBER | |
| LC control number | 2009415903 |
| 020 ## - INTERNATIONAL STANDARD BOOK NUMBER | |
| International Standard Book Number | 9789774163326 |
| 020 ## - INTERNATIONAL STANDARD BOOK NUMBER | |
| International Standard Book Number | 9780748637935 (pbk.) |
| 020 ## - INTERNATIONAL STANDARD BOOK NUMBER | |
| International Standard Book Number | 0748637931 (pbk.) |
| 020 ## - INTERNATIONAL STANDARD BOOK NUMBER | |
| International Standard Book Number | 9780748637928 (hardback) |
| 020 ## - INTERNATIONAL STANDARD BOOK NUMBER | |
| International Standard Book Number | 0748637923 (hardback) |
| 082 04 - DEWEY DECIMAL CLASSIFICATION NUMBER | |
| Classification number | 297 |
| Edition number | 22 |
| Item number | ISL |
| 245 00 - TITLE STATEMENT | |
| Title | Islam and Modernity : |
| Remainder of title | Key Issues and Debates / |
| Statement of responsibility, etc | edited by Muhammad Khalid Masud, Armando Salvatore, and Martin van Bruinessen. |
| 260 ## - PUBLICATION, DISTRIBUTION, ETC. (IMPRINT) | |
| Place of publication, distribution, etc | Edinburgh : |
| Name of publisher, distributor, etc | Edinburgh University Press, |
| Date of publication, distribution, etc | 2009. |
| 300 ## - PHYSICAL DESCRIPTION | |
| Extent | vii, 296 p. ; |
| Dimensions | 24 cm. |
| 504 ## - BIBLIOGRAPHY, ETC. NOTE | |
| Bibliography, etc | Includes bibliographical references and index. |
| 505 0# - FORMATTED CONTENTS NOTE | |
| Formatted contents note | Preface; Part 1 Conceptualising Modernity; 1. Tradition and Modernity within Islamic Civilisation and the West, Armando Salvatore; 2. Western Scholars of Islam on the Issue of Modernity, Muhammad Khalid Masud and Armando Salvatore; Part 2 Negotiating Modernity; 3. Political Modernity in the Middle East, Sami Zubaida; 4. Islam, Modernity and the Politics of Gender: Perspectives from the Middle East, Central Asia and Afghanistan, Deniz Kandiyoti; 5. Sufism, 'Popular' Islam and the Encounter with Modernity, Martin van Bruinessen; 6. Colonialism and Islamic Law, Ebrahim Moosa; Part 3 Debating Modernity; 7. The Reform Project in the Emerging Public Spheres, Armando Salvatore; 8. The Ulama and Contestations of Religious Authority under Modern Conditions, Muhammad Qasim Zaman; 9. Islamic Modernism, Muhammad Khalid Masud; 10. The Shifting Politics of Identity, Abdulkader Tayob; List of Contributors. |
| 650 #0 - SUBJECT ADDED ENTRY--TOPICAL TERM | |
| Topical term or geographic name as entry element | Islamic modernism. |
| 9 (RLIN) | 32066 |
| 653 ## - INDEX TERM--UNCONTROLLED | |
| Resource For college | |
| Arrived date list | January2013 |
| 700 1# - ADDED ENTRY--PERSONAL NAME | |
| Personal name | Masud, Muhammad Khalid, |
| Dates associated with a name | 1939- |
| 9 (RLIN) | 32067 |
| 700 1# - ADDED ENTRY--PERSONAL NAME | |
| Personal name | Salvatore, Armando. |
| 9 (RLIN) | 32068 |
| 700 1# - ADDED ENTRY--PERSONAL NAME | |
| Personal name | Bruinessen, Martin van. |
| 9 (RLIN) | 32069 |
| 942 ## - ADDED ENTRY ELEMENTS (KOHA) | |
| Source of classification or shelving scheme | Dewey Decimal Classification |
| Item type | Book - Borrowing |
| Withdrawn status | Item status | Source of classification or shelving scheme | Damaged status | Not for loan | Vendor | Home library | Current library | Shelving location | Date acquired | Source of acquisition | Cost, normal purchase price | Serial Enumeration / chronology | Total Checkouts | Total Renewals | Full call number | Barcode | Checked out | Date last seen | Date last borrowed | Koha item type |
|---|---|---|---|---|---|---|---|---|---|---|---|---|---|---|---|---|---|---|---|---|
| Dewey Decimal Classification | AUC | Central Library | Central Library | Lower Floor | 29/01/2013 | 30.00 | 1 | 8 | 53 | 297 ISL | 000027916 | 20/09/2025 | 16/09/2020 | 16/09/2020 | Book - Borrowing |